| 000 | 00582nam a2200229Ia 4500 | ||
|---|---|---|---|
| 008 | 220216s9999 xx 000 0 und d | ||
| 100 | _aHuang Y H | ||
| 245 | 0 | _aStudies on the blends of carbon dioxide copolymer. III. NBR/PPC system | |
| 260 |
_bJournal of Applied Polymer Science _c1996 |
||
| 300 | _a1479-1486 | ||
| 650 | _aBlends | ||
| 650 | _aCarbon dioxide copolymer | ||
| 700 | _aChen L B | ||
| 700 | _aChen M C | ||
| 700 | _aCong G M | ||
| 700 | _aLiao B | ||
| 700 | _aLin G | ||
| 700 | _aWang C Q | ||
| 700 | _aYang X H | ||
| 700 | _aZhao S L | ||
| 942 | _cJS | ||
| 999 |
_c69673 _d69673 |
||